Loading...
Fine Arts - Other Fine Arts | 1 | 3 | 0 | 0 | 45 | 53 | 91.50 | 0 | 2 |
Literature - American Literature | 1 | 3 | 1 | 0 | 40 | 68 | 95.25 | 1 | 2 |
Fine Arts - Visual Fine Arts | 2 | 2 | 2 | 0 | 40 | 66 | 96.25 | 1 | 3 |
Literature - British Literature | 0 | 4 | 0 | 0 | 40 | 104 | 125.00 | 1 | 1 |
History - European History | 0 | 3 | 0 | 1 | 30 | 100 | 122.33 | 0 | 1 |
Science - Physics | 0 | 2 | 0 | 1 | 20 | 96 | 103.50 | 0 | 1 |
History - US History | 0 | 2 | 0 | 1 | 20 | 109 | 121.00 | 0 | 0 |
Beliefs | 0 | 2 | 1 | 2 | 15 | 139 | 144.00 | 0 | 0 |
Other Academic | 1 | 0 | 0 | 0 | 15 | 79 | 79.00 | 0 | 0 |
Literature - World Literature | 0 | 2 | 1 | 1 | 15 | 93 | 117.00 | 0 | 0 |
Modern World | 0 | 1 | 0 | 0 | 10 | 93 | 93.00 | 0 | 1 |
Literature - European Literature | 0 | 1 | 0 | 0 | 10 | 130 | 130.00 | 0 | 0 |
Science - Other Science | 0 | 0 | 0 | 0 | 0 | 0.00 | 0 | 0 | |
Geography | 0 | 1 | 2 | 0 | 0 | 129 | 129.00 | 0 | 0 |